000 00713nam a2200265Ia 4500
003 OSt
005 20221007080246.0
006 a|||||r|||| 00| 0
007 ta
008 221006b |||||||| |||| 00| 0 eng d
024 _a6,924
037 _cTextual
040 _aFLL
_cFLL
_beng
041 _2eng
_aeng
082 _aZ2,2,3, N2
100 _aDial Rameshwar Au.
245 0 _aLaw of rent control in Delhi
250 _a2nd
260 _aNew Delhi
_bUniversal India
_c1992
300 _acxxxii,916p
_ccm.
650 _aRent control
_9685920
700 _a Dial Adarsh B. Au.
942 _hZ2,2,3, N2
_cTEXL
_2CC
999 _c1158883
_d1158883